|
|
|
|
| LEADER |
00000cam a2200000 a 4500 |
| 001 |
vtls001112348 |
| 003 |
SK-MaSNL |
| 005 |
20260506092538.0 |
| 008 |
250414s1978 xo a gr 000 fbhun |
| 015 |
|
|
|a SNBA1978/05
|
| 020 |
|
|
|a 963111306X
|q (viaz.)
|
| 035 |
|
|
|a SNK000055191
|
| 040 |
|
|
|a SNK
|b slo
|c SNK
|e AACR2
|
| 041 |
0 |
|
|a hun
|
| 043 |
|
|
|a e-hu---
|
| 044 |
|
|
|a xo
|c SK
|
| 072 |
|
7 |
|a 929
|x Biografie
|2 konspekt
|
| 072 |
|
7 |
|a 821.511.1
|x Ugrofínske literatúry
|2 konspekt
|
| 080 |
|
|
|a 894.511-3(087.5)=945.11
|2 1981
|
| 080 |
|
|
|a 929.7-055.2
|2 2011
|
| 080 |
|
|
|a (439.2)
|2 2011
|
| 080 |
|
|
|a 821-312.6
|2 2011
|
| 080 |
|
|
|a 821-311.6 - hlavný znak
|2 2011
|
| 080 |
|
|
|a 821.511.141-31
|2 2011
|
| 100 |
1 |
|
|a Dénes, Zsófia,
|d 1885-1987
|4 aut
|9 114972
|
| 245 |
1 |
0 |
|a Zrínyi Ilona
|b regény
|c Zsófia Dénes ; Miklós Győry
|
| 250 |
|
|
|a 6. vyd.
|
| 260 |
|
|
|a Bratislava
|b Madách
|c 1978
|
| 300 |
|
|
|a 280 s.
|b ilustr.
|c 20 cm
|
| 366 |
|
|
|e 4000 výtl.
|
| 600 |
|
7 |
|a Zrínyi, Ilona,
|d 1643-1703
|2 SNKMA
|9 1508649
|
| 650 |
0 |
7 |
|a šľachtičné
|2 SNKPH
|9 89419
|
| 651 |
|
7 |
|a Uhorsko
|2 SNKPHgeo
|9 28673
|
| 655 |
|
7 |
|a biografické romány
|2 SNKPH
|9 1532
|
| 655 |
|
7 |
|a historické romány
|2 SNKPH
|9 70253
|
| 655 |
|
7 |
|a maďarské romány
|2 SNKPH
|9 70321
|
| 700 |
1 |
|
|a Györy, Miklós,
|d 1905-1994
|4 ill
|9 203649
|
| 850 |
|
|
|a Slovenská národná knižnica
|
| 852 |
|
|
|a Slovenská národná knižnica
|
| 919 |
|
|
|a 963-11-1306-X
|
| 954 |
|
|
|a beletria cudzojazyčná (svetová)
|2 lita
|
| 958 |
|
|
|a OND
|
| 958 |
|
|
|a LX
|
| 958 |
|
|
|a TL
|
| 958 |
|
|
|a HU
|
| 999 |
|
|
|c 1024129
|d 1026059
|
| 952 |
|
|
|a SNK
|b SNK
|y VYP
|7 0
|p 17A1156740
|o snkSC 44682 D1
|i snkKSP 5552/78
|0 0
|1 0
|4 0
|d 2015-04-20
|l 0
|r 2026-02-24 13:34:00
|w 2026-02-24
|